grille des pillote de f1 de 2025 - Statistiques

Statistiques générales
  • Ce quiz a été pris 50 fois
  • Le résultat moyen est 17 sur 20
Statistiques - réponses
écuries % Correct
Ferrari Charles Leclerc
100%
McLaren Lando Norris
98%
Red Bull Max Verstappen
98%
Ferrari Lewis Hamilton
95%
McLaren Oscar Piastri
95%
Williams Carlos Sainz
88%
Haas Esteban Ocon
88%
Aston Martin Fernando Alonso
88%
Mercedes Kimi Antonelli
88%
Alpine Pierre Gasly
88%
Mercedes George Russell
86%
Aston Martin Lance Stroll
86%
Red Bull Yuki Tsunoda
86%
Racing Bulls Isack Hadjar
83%
Racing Bulls Liam Lawson
83%
Sauber Nico Hulkenberg
83%
Alpine Franco Colapinto
76%
Williams Alexander Albon
74%
Sauber Gabriel Bortoletto
71%
Haas Oliver Bearman
69%
Aucun quiz correspondant
Distribution des résultats
% des personnes avec chaque résultat
Percentile par nombre de réponses
Votre historique - résultats
Vous n’avez pas pris ce quiz